000 00343 a2200133 4500
000 nam a22 7a 4500
100 _a SJ Dodd
110 _a SJ Dodd
245 _aThe Routledge International Handbook of Social Work and Sexualities
250 _alatest edition
260 _bRoutledge
_c2021
264 _bRoutledge
_c2021
942 _cBK
999 _c395320
_d395320